[Event "SLO-chT"]
[Site "?"]
[Date "1993.??.??"]
[Round "?"]
[White "Tratar, Marko"]
[Black "Mikac, Matjaz"]
[Result "0-1"]
[WhiteElo "2290"]
[BlackElo "2395"]

1.d4 d5 2.c4 dxc4 3.Nf3 c5 4.e3 cxd4 5.Bxc4 Qc7 6.Qc2 Nc6 7.exd4 e6 8.O-O Nf6
9.Bg5 Be7 10.Bb5 Bd7 11.a3 O-O 12.Nc3 a6 13.Bd3 h6 14.Bh4 Rac8 15.Qe2 Rfe8
16.Rfd1 Qd8 17.Bxf6 Bxf6 18.Qe4 g6 19.Qf4 Bg7 20.Ne4 Rf8 21.Nc5 Nxd4 22.Nxd7 Qxd7
23.Nxd4 Qxd4 24.Qxd4 Bxd4 25.Be4 e5 26.Rd2 Rc7 27.g3 f5 28.Bd5+ Kg7 29.Kg2 Rd7
30.Bb3 Rfd8 31.Rad1 Kf6 32.a4 e4 33.Bc4 Ke5 34.f4+ Kf6 35.h4 g5 36.hxg5+ hxg5
37.fxg5+ Kxg5 38.b3 Kf6 39.Rh1 Bc5 40.Re2 Rd2 41.Re1 Ke5 42.Kh3 a5 43.Kg2 Rxe2+
44.Rxe2 Rd1 45.Kh2 Rc1 46.Kg2 Rc3 47.Rd2 Bd4 48.Re2 Be3 49.Bg8 Kf6 50.Bd5 b6
51.Bc4 Kg5 52.Re1 Bd4  0-1

[Event "St Petersburg op"]
[Site "St Petersburg"]
[Date "1993.??.??"]
[Round "?"]
[White "Ionov, Sergey"]
[Black "Vaulin, Alexander"]
[Result "1/2-1/2"]
[WhiteElo "2495"]
[BlackElo "2500"]

1.d4 d5 2.Nf3 c5 3.c4 dxc4 4.d5 Nf6 5.Nc3 e6 6.e4 exd5 7.e5 Nfd7 8.Bg5 Be7
9.Bxe7 Qxe7 10.Nxd5 Qd8 11.Qc2 b5 12.O-O-O Bb7 13.h4 Bxd5 14.Rxd5 Qe7 15.Qe4 Nb6
16.e6 f6 17.Rh5 g6 18.Qxg6+ hxg6 19.Rxh8+ Qf8 20.Rxf8+ Kxf8 21.h5 g5 22.Nd2 Ke7
23.h6 Nc6 24.Ne4 Kxe6 25.h7 Rh8 26.Rh6 Nd7 27.Nxg5+ Ke7 28.Ne4 Nd4 29.g3 Nf5
30.Rh5 Nd6 31.Rh6 Nf5 32.Rh5 Ng7 33.Rd5 Ne8 34.Bh3 Ne5 35.Nxc5 Rxh7 36.Bf5 Rh5
37.g4 Rh1+ 38.Kd2 Nc7 39.Be4 Rh2 40.Rd4 Rxf2+ 41.Kc3 a5 42.Rd2 b4+ 43.Kc2 Nxg4
44.Rxf2 Nxf2 45.Bg2 Ng4 46.Kd2 Nb5 47.Nb7 c3+ 48.bxc3 bxc3+ 49.Kd3 Ne5+ 50.Kc2 Nc4
51.Bc6 Nca3+ 52.Kd3 c2 53.Kd2 Nc3 54.Nxa5 Kd6 55.Be8 Nxa2 56.Nb3 Ke6 57.Bg6 Nb4
58.Kc3 Nd5+ 59.Kb2 Nf4 60.Bh7 f5 61.Bxf5+ Kxf5 62.Nd4+ Ke4 63.Nxc2  1/2-1/2

[Event "SWZ-chT"]
[Site "?"]
[Date "1993.??.??"]
[Round "?"]
[White "Pelletier, Yannick"]
[Black "Ruefenacht, Matthias"]
[Result "1/2-1/2"]
[WhiteElo "2245"]
[BlackElo "2360"]

1.d4 d5 2.c4 dxc4 3.Nf3 a6 4.a4 Nc6 5.e3 e5 6.Bxc4 Bb4+ 7.Bd2 Bxd2+ 8.Nbxd2 exd4
9.Nxd4 Nxd4 10.exd4 Qe7+ 11.Qe2 Bf5 12.Qe3 Bg6 13.O-O Qxe3 14.fxe3 Nf6 15.Nf3 O-O
16.Ne5 Rad8 17.Ra3 Be4 18.Rc3 Bd5 19.Be2 c6 20.Bf3 Ne4 21.Bxe4 Bxe4 22.Rf4 Bd5
23.a5 Rfe8 24.Kf2 Rd6 25.Nd3 Rg6 26.g3 Rh6 27.h4 Rhe6 28.Nc5 R6e7 29.e4 Bxe4
30.Rxe4 Rxe4 31.Nxe4 Rxe4 32.d5 Rb4 33.dxc6  1/2-1/2

[Event "SWZ-chT"]
[Site "?"]
[Date "1993.??.??"]
[Round "?"]
[White "Georges, Sacha"]
[Black "Erismann, Peter"]
[Result "1-0"]
[WhiteElo "2310"]
[BlackElo "2250"]

1.d4 d5 2.c4 dxc4 3.Nf3 a6 4.a4 Nc6 5.e3 e5 6.Bxc4 Bb4+ 7.Nc3 Bg4 8.h3 Bxf3
9.Qxf3 Nf6 10.O-O O-O 11.d5 Na5 12.Ba2 Qd7 13.Bd2 b5 14.Rfd1 bxa4 15.Ne4 Bxd2
16.Nxf6+ gxf6 17.Rxd2 Nb3 18.Bxb3 axb3 19.Qxf6 Qd6 20.Qxd6 cxd6 21.Rd3 Rfb8
22.Ra3 Rb5 23.e4 a5 24.Raxb3 Rab8 25.Rxb5 Rxb5 26.b3 Rc5 27.Kh2 Rc2 28.Kg3 Kg7
29.f3 Kg6 30.Rd1 f5 31.Ra1 f4+ 32.Kh2 Rc5 33.Ra4 Rb5 34.Rc4 Rxb3 35.Rc6 a4
36.Rxd6+ Kg5 37.Re6 a3 38.Rxe5+ Kh4 39.Re7 h5 40.Ra7 Rd3 41.d6 Rxd6 42.Rxa3 Rg6
43.Ra8 Rf6 44.Re8 Rg6 45.Rf8  1-0

[Event "Timisoara zt-B (Women)"]
[Site "Timisoara"]
[Date "1993.??.??"]
[Round "6"]
[White "Kubikova, Hana"]
[Black "Csoke, Adrienn"]
[Result "0-1"]
[WhiteElo "2290"]
[BlackElo "2210"]

1.d4 d5 2.Nf3 c5 3.c4 dxc4 4.Nc3 cxd4 5.Qxd4 Qxd4 6.Nxd4 e5 7.Ndb5 Kd8 8.Bg5+ f6
9.O-O-O+ Bd7 10.Be3 Nc6 11.Ne4 b6 12.g3 f5 13.Ng5 Ke7 14.Bg2 Rc8 15.Nd6 Rc7
16.Ngf7 Nf6 17.Nxh8 Nd8 18.Bg5 g6 19.Bxf6+ Kxf6 20.Ne8+ Bxe8 21.Rxd8 Ke7
22.Rhd1 e4 23.g4 Bg7 24.Nxg6+ hxg6 25.gxf5 gxf5 26.R8d5 Ba4 27.Rg1 Ke6 28.Rd8 Bf6
29.Rg8 Rh7 30.h3 Bh4 31.f4 Bf2 32.Rf1 Be3+ 33.Kb1 Rd7 34.Rc8 Rd2 35.Rxc4 Bb5
36.Rc2 Bxe2 37.Rxd2 Bxf1 38.Bxf1 Bxd2 39.Bc4+ Kf6 40.Kc2 Bxf4 41.Kd1 Bg3
42.Bd5 Ke5 43.Bc6 Kd4  0-1

[Event "Wiesbaden op"]
[Site "Wiesbaden"]
[Date "1993.??.??"]
[Round "5"]
[White "Grabliauskas, Virginijus"]
[Black "Kallai, Gabor"]
[Result "0-1"]
[WhiteElo "2300"]
[BlackElo "2460"]

1.d4 d5 2.c4 dxc4 3.Nf3 c5 4.d5 b5 5.a4 Nf6 6.axb5 Qxd5 7.Nbd2 e6 8.e3 Bb7
9.Bxc4 Qd6 10.Qe2 Nbd7 11.e4 Qc7 12.Bd3 Be7 13.O-O O-O 14.Nc4 a6 15.bxa6 Rxa6
16.Rxa6 Bxa6 17.e5 Nd5 18.Qe4 g6 19.Re1 N7b6 20.h4 Nb4 21.Bf1 Bb7 22.Qf4 Bxf3
23.Qxf3 Nxc4 24.Bxc4 Bxh4 25.Qf4 Be7 26.g4 Rd8 27.b3 Nd3 28.Bxd3 Rxd3 29.Kg2 Qb7+
30.f3 Bg5 31.Qg3 Bxc1 32.Rxc1 Qd5 33.Ra1 Re3 34.Qf4 Qxe5 35.Qxe5 Rxe5 36.Ra5 Rd5
37.f4 Kg7 38.Kf3 Rd3+ 39.Ke4 Rxb3 40.Rxc5 f5+ 41.gxf5 exf5+ 42.Kd4 Rb7 43.Ke3 h6
44.Kf3 Rf7 45.Kg3 g5 46.Rc6 Rf6 47.Rc8 Ra6 48.Rc4 Kg6 49.Rb4 Ra3+ 50.Kg2 Kh5
51.Rc4 Re3 52.Kf2 Re4 53.Rxe4 fxe4 54.f5 g4 55.Ke3 g3  0-1

[Event "Aalborg op"]
[Site "Aalborg"]
[Date "1994.??.??"]
[Round "2"]
[White "Hansen, Carsten"]
[Black "Hansen, Lars"]
[Result "1-0"]
[WhiteElo "2300"]
[BlackElo "2265"]

1.d4 d5 2.c4 dxc4 3.Nf3 a6 4.e4 b5 5.a4 Bb7 6.Nc3 b4 7.Bxc4 e6 8.Qb3 Nc6
9.a5 bxc3 10.Qxb7 Nb4 11.e5 Nc2+ 12.Ke2 Rb8 13.Qc6+ Qd7 14.Qxd7+ Kxd7 15.Ra2 Nb4
16.Ra3 Nd5 17.Rb3 Rxb3 18.Bxb3 Bb4 19.bxc3 Nxc3+ 20.Kd3 Ne7 21.Bd2 Ncd5 22.Ba4+ c6
23.Rb1 Bxd2 24.Nxd2 Kc7 25.Ne4 Rb8 26.Rxb8 Kxb8 27.Ng5 Nf4+ 28.Kc4 Nxg2 29.Nxf7 Nf4
30.Ng5 h6 31.Ne4 Kb7 32.Nc5+ Ka7 33.Bd1 Nf5 34.Bf3 Ne7 35.Bg4 Nf5 36.Nxe6  1-0

[Event "Cseppko op"]
[Site "Aggtelek"]
[Date "1994.??.??"]
[Round "4"]
[White "Kiss, Pal"]
[Black "Krizsany, Laszlo"]
[Result "1/2-1/2"]
[WhiteElo "2440"]
[BlackElo "2385"]

1.d4 d5 2.c4 dxc4 3.Nf3 c5 4.d5 e6 5.Nc3 exd5 6.Qxd5 Qxd5 7.Nxd5 Bd6 8.Nd2 Ne7
9.Nxc4 Nxd5 10.Nxd6+ Ke7 11.Nxc8+ Rxc8 12.g3 Nc6 13.Bg2 Rd8 14.Bg5+ f6 15.Bd2 Nd4
16.Rc1 Rac8 17.e3 Ne6 18.Ke2 Rd6 19.Rc2 Rcd8 20.h4 b6 21.Bh3 Nb4 22.Bxb4 cxb4
23.Bxe6 Kxe6 24.Rhc1 Kf5 25.b3 h6 26.Re1 g5 27.hxg5 fxg5 28.Rh1 R8d7 29.Kf3 g4+
30.Ke2 Kg5 31.Rb1 h5 32.Rbb2 a5 33.Rd2 h4 34.gxh4+ Kxh4 35.Rxd6 Rxd6 36.Rc2 g3
37.Rc4+ Kh3 38.fxg3 Kxg3 39.Rc1 Kg4 40.Rf1 Rc6 41.Kd2 Rd6+ 42.Ke2 Rc6 43.Kd2  1/2-1/2

[Event "Berliner Sommer"]
[Site "Berlin"]
[Date "1994.??.??"]
[Round "?"]
[White "Molinaroli, Martin"]
[Black "Skomorokhin, Roman"]
[Result "1/2-1/2"]
[WhiteElo "2280"]
[BlackElo "2425"]

1.d4 d5 2.c4 dxc4 3.Nf3 a6 4.a4 Nf6 5.e3 Bg4 6.Bxc4 e6 7.O-O Nc6 8.h3 Bh5
9.Nc3 Bb4 10.Be2 O-O 11.Bd2 Rc8 12.Nb1 Qe7 13.Na3 Rfd8 14.Bxb4 Nxb4 15.Qb3 Ne4
16.Rfe1 c5 17.dxc5 a5 18.Red1 Nxc5 19.Rxd8+ Rxd8 20.Qc4 Nxa4 21.Qb5 Bxf3
22.Bxf3 Nxb2 23.Qxa5 N4d3 24.Qb5 Qh4 25.Rf1 Qe7 26.Ra1 Rd7 27.Nc2 g6 28.Ra2 Rc7
29.Rxb2 Nxb2 30.Qxb2 b5 31.Nd4 b4 32.Nc6 Qc5 33.Nxb4 Ra7 34.Nc6 Ra3 35.Qb8+ Kg7
36.Qb2+ Qc3 37.Qxc3+ Rxc3 38.g3 f6 39.Kg2 e5 40.Bd5 Rc5 41.e4 Rc2 42.g4 Rb2
43.g5 h6 44.h4 hxg5 45.hxg5 Rb1 46.Kf3 Rb2 47.Kg3 Rb1 48.gxf6+ Kxf6 49.Na5 Rg1+
50.Kf3 g5 51.Nc4 g4+ 52.Ke2 g3 53.fxg3 Rxg3 54.Ne3 Rg7 55.Kf3 Kg5 56.Ng4 Re7
57.Nf2 Rh7 58.Nd3 Rh3+ 59.Ke2 Rh2+ 60.Ke3 Kf6 61.Nc5 Rh3+ 62.Kd2 Ke7 63.Nd3 Kd6
64.Kc3 Rh8 65.Kc4 Rc8+ 66.Kb5 Rb8+ 67.Ka5 Rb1 68.Ka6  1/2-1/2

[Event "Bern op"]
[Site "Bern"]
[Date "1994.??.??"]
[Round "8"]
[White "Barsov, Alexei"]
[Black "Kamber, Bruno"]
[Result "1-0"]
[WhiteElo "2450"]
[BlackElo "2345"]

1.d4 d5 2.c4 dxc4 3.Nf3 c5 4.d5 Nf6 5.Nc3 e6 6.e4 exd5 7.e5 Nfd7 8.Bg5 Be7
9.Bxe7 Qxe7 10.Nxd5 Qd8 11.Qc2 Nb6 12.O-O-O Nxd5 13.Bxc4 O-O 14.Bxd5 Qe7
15.h4 Nc6 16.Bxc6 bxc6 17.Rd6 Rb8 18.Ng5 g6 19.Qxc5 Qb7 20.Qc3 Bf5 21.h5 Qb4
22.Qxb4 Rxb4 23.hxg6 Bxg6 24.Rh3 Rfb8 25.b3 Rg4 26.Rg3 Rxg3 27.fxg3 Rb5 28.Nf3 Rc5+
29.Kd1 Bc2+ 30.Kd2 Bb1 31.Nd4 Bxa2 32.Rd8+ Kg7 33.e6 Kf6 34.Rf8 Rd5 35.Rxf7+ Kg6
36.Kc3 Bb1 37.Rxa7 Re5 38.e7 Kf7 39.Nxc6 Rc5+ 40.Kb2 Be4 41.Nd8+ Ke8 42.Ne6 Re5
43.Ng7+ Kf7 44.e8=Q+  1-0

[Event "Budapest FS12 GM"]
[Site "Budapest"]
[Date "1994.??.??"]
[Round "1"]
[White "Lukacs, Peter"]
[Black "Vaulin, Alexander"]
[Result "1/2-1/2"]
[WhiteElo "2490"]
[BlackElo "2550"]

1.d4 d5 2.c4 dxc4 3.Nf3 c5 4.Nc3 Nf6 5.d5 e6 6.e4 exd5 7.e5 Nfd7 8.Bg5 Be7
9.Bxe7 Qxe7 10.Nxd5 Qd8 11.Qc2 b5 12.e6 fxe6 13.Qe4 O-O 14.O-O-O Na6 15.h4 exd5
16.Qxd5+ Kh8 17.Qxa8 Qc7 18.Qe4 Nf6 19.Qe5 Qa5 20.Qd6 Kg8 21.a3 c3 22.Bd3  1/2-1/2

[Event "Budapest FS03 IM-A"]
[Site "Budapest"]
[Date "1994.??.??"]
[Round "1"]
[White "Remling, Christian"]
[Black "Krizsany, Laszlo"]
[Result "1/2-1/2"]
[WhiteElo "2305"]
[BlackElo "2385"]

1.d4 d5 2.c4 dxc4 3.Nf3 c5 4.e3 cxd4 5.exd4 Be6 6.Na3 Nf6 7.Nxc4 Bd5 8.Ne3 Be4
9.Bc4 e6 10.Ne5 Nc6 11.Nxc6 Bxc6 12.O-O Be7 13.Ng4 O-O 14.Ne5 Bd5 15.Bd3 b6
16.Be3 Bb7 17.Qa4 Qd5 18.f3 a6 19.Qc4 Qd6 20.Qb3 b5 21.a4 Bd5 22.Qc2 bxa4
23.Rxa4 Rfb8 24.Qe2 Qb6 25.Rxa6 Rxa6 26.Bxa6 Qxb2 27.Qxb2 Rxb2 28.Rc1 Rb8
29.Bg5 h6 30.Be3 Bd6 31.Rc8+ Rxc8 32.Bxc8 Kf8 33.Kf2 Ke7 34.g4 Nh7 35.h4 Nf8
36.h5 Nh7 37.Ba6 Nf6 38.Bb5 Bb7 39.g5 Nxh5 40.gxh6 gxh6 41.Bxh6 f6 42.Nc6+ Bxc6
43.Bxc6 Bf4 44.Bxf4 Nxf4 45.Ke3  1/2-1/2

[Event "Budapest FS06 GM"]
[Site "Budapest"]
[Date "1994.??.??"]
[Round "2"]
[White "Lukacs, Peter"]
[Black "Bliumberg, Vladislav"]
[Result "1/2-1/2"]
[WhiteElo "2485"]
[BlackElo "2360"]

1.d4 d5 2.c4 dxc4 3.Nf3 a6 4.e3 Nf6 5.Bxc4 e6 6.O-O c5 7.a4 Nc6 8.Qe2 Qc7
9.Nc3 Bd6 10.Bd2 O-O 11.d5 exd5 12.Nxd5 Nxd5 13.Bxd5 Ne5 14.h3 Bf5 15.Nxe5 Bxe5
16.Bc3 Rae8 17.Rfd1 Bxc3 18.bxc3 Be6 19.e4 Bxd5 20.Rxd5 Rc8 21.c4 Qa5 22.e5 Rfe8
23.Ra2 Rc6 24.f4 Qc3 25.Kh2 Rg6 26.Qf2 Qxc4 27.Rxc5 Qe4 28.a5 Rc6 29.Rxc6 bxc6
30.Re2  1/2-1/2

[Event "Budapest FS03 GM"]
[Site "Budapest"]
[Date "1994.??.??"]
[Round "3"]
[White "Silman, Jeremy D"]
[Black "Gyimesi, Zoltan"]
[Result "1/2-1/2"]
[WhiteElo "2405"]
[BlackElo "2360"]

1.d4 d5 2.c4 dxc4 3.Nf3 c5 4.e3 cxd4 5.Bxc4 Qc7 6.Qb3 e6 7.exd4 a6 8.Nc3 Nc6
9.Bd3 Nf6 10.O-O Be7 11.Bg5 O-O 12.Rad1 Rd8 13.Bb1 h6 14.Bh4 b5 15.Rfe1 g6
16.d5 Na5 17.Qc2 b4 18.d6 Rxd6 19.Rxd6 Bxd6 20.Bxf6 bxc3 21.Bxc3 Nc6 22.h4 e5
23.Qd2 Bg4 24.Be4 Kh7 25.Bxc6 Qxc6 26.Nxe5 Bxe5 27.Rxe5 Be6 28.h5 Rg8 29.f3 Bxa2
30.Qe3 gxh5 31.Qe4+ Qxe4 32.Rxe4 Bd5 33.Rf4 Be6  1/2-1/2

[Event "Budapest FS02 GM"]
[Site "Budapest"]
[Date "1994.??.??"]
[Round "4"]
[White "Silman, Jeremy D"]
[Black "Fancsy, Imre"]
[Result "1/2-1/2"]
[WhiteElo "2405"]
[BlackElo "2400"]

1.d4 d5 2.c4 dxc4 3.Nf3 a6 4.e3 Nf6 5.Bxc4 e6 6.O-O c5 7.b3 Nc6 8.Bb2 Be7
9.Nbd2 b5 10.Be2 cxd4 11.Nxd4 Nxd4 12.Bxd4 Bb7 13.a4 O-O 14.Bf3 Bxf3 15.Nxf3 Nd5
16.e4 Nf6 17.Qe2 Qc7 18.Rfd1 Qb7 19.e5 Nd5 20.Qe4 Rfc8 21.Nd2 Bb4 22.Nf1 bxa4  1/2-1/2

[Event "Budapest FS09 IM-B"]
[Site "Budapest"]
[Date "1994.??.??"]
[Round "5"]
[White "Hoang Than Trang"]
[Black "Krizsany, Laszlo"]
[Result "0-1"]
[WhiteElo "2285"]
[BlackElo "2395"]

1.d4 d5 2.c4 dxc4 3.Nf3 c5 4.e3 cxd4 5.exd4 Be6 6.Na3 Nc6 7.Nxc4 Nf6 8.Be2 Bd5
9.O-O e6 10.Bg5 Be7 11.Nce5 O-O 12.h3 Rc8 13.Rc1 Qa5 14.a3 Rfd8 15.Bd2 Qb6
16.Qa4 a6 17.Nxc6 Bxc6 18.Ba5 Qxb2 19.Rxc6 Rxc6 20.Bxd8 Bxd8 21.Ne5 Rc3 22.Qb4 Qxb4
23.axb4 Nd5 24.Rb1 Bb6 25.b5 axb5 26.Rxb5 Rc1+ 27.Kh2 Bxd4 28.Nd3 Rc7 29.Bf3 Rd7
30.Kg3 b6 31.Nb4 Nc3 32.Rg5 h6 33.Rg4 f5 34.Rg6 Be5+  0-1

[Event "Budapest FS02 GM"]
[Site "Budapest"]
[Date "1994.??.??"]
[Round "6"]
[White "Lukacs, Peter"]
[Black "Fancsy, Imre"]
[Result "1-0"]
[WhiteElo "2485"]
[BlackElo "2400"]

1.d4 d5 2.c4 dxc4 3.Nf3 a6 4.e3 Nf6 5.Bxc4 e6 6.O-O c5 7.a4 Nc6 8.Qe2 Qc7
9.Nc3 Bd6 10.Bd2 O-O 11.d5 exd5 12.Nxd5 Nxd5 13.Bxd5 Bg4 14.h3 Bh5 15.Bc3 Rac8
16.Rad1 Qe7 17.Rd2 Rc7 18.Rfd1 Be5 19.g4 Bxc3 20.bxc3 Bg6 21.Qc4 Ne5 22.Nxe5 Qxe5
23.Qf4 Qe7 24.c4 h6 25.a5 Kh8 26.Bg2 f6 27.Qd6 Qf7 28.Rb2 Re8 29.Qd5 Qxd5
30.cxd5 Be4 31.f3 Bg6 32.e4 c4 33.Rc1 Rec8 34.Rc3 Be8 35.Rb6 Rc5 36.Rxb7 Rb5
37.Rb6 Rxa5 38.f4 Ra1+ 39.Kh2 a5 40.e5 fxe5 41.fxe5 a4 42.e6 a3 43.d6 a2
44.d7 Bxd7 45.exd7 Rd8 46.Ra6 Rxd7 47.Rc2 c3 48.Raxa2 Rxa2 49.Rxa2 h5 50.Rc2 Rd3
51.Bf1 Re3 52.Kg2 h4 53.Kf2 Rg3 54.Re2 g6 55.Re3 Kg7 56.Bd3 Rxe3 57.Kxe3 Kf6
58.Kf4 g5+ 59.Ke4 Ke6 60.Bc2  1-0

[Event "Budapest FS09 IM-B"]
[Site "Budapest"]
[Date "1994.??.??"]
[Round "6"]
[White "Peter, Ambrus"]
[Black "Krizsany, Laszlo"]
[Result "1/2-1/2"]
[WhiteElo "2315"]
[BlackElo "2395"]

1.d4 d5 2.c4 dxc4 3.Nf3 c5 4.Nc3 cxd4 5.Qxd4 Qxd4 6.Nxd4 Bd7 7.e4 Nc6 8.Nxc6 Bxc6
9.Bxc4 e6 10.O-O Bc5 11.Bf4 a6  1/2-1/2

[Event "Budapest FS02 IM-A"]
[Site "Budapest"]
[Date "1994.??.??"]
[Round "6"]
[White "Hoang Than Trang"]
[Black "Mikac, Matjaz"]
[Result "0-1"]
[WhiteElo "2260"]
[BlackElo "2410"]

1.d4 d5 2.c4 dxc4 3.Nf3 c5 4.d5 Nf6 5.Nc3 e6 6.e4 exd5 7.e5 Nfd7 8.Bg5 Be7
9.Bxe7 Qxe7 10.Nxd5 Qd8 11.Qc2 b5 12.Qe4 Bb7 13.Nf6+ Qxf6 14.Qxb7 Qc6 15.Qxc6 Nxc6
16.a4 bxa4 17.Bxc4 Ndxe5 18.Nxe5 Nxe5 19.Bb5+ Ke7 20.O-O Rab8 21.Bxa4 Rxb2
22.Rfe1 Kf6 23.Rad1 Rb6 24.f4 Nc4 25.Rd7 Rhb8 26.Rxa7 R8b7 27.Rxb7 Rxb7 28.Rc1 Nb2
29.Bc6 Nd3 30.Bxb7 Nxc1 31.Kf2 Ke6 32.Ke3 Nb3 33.Kd3 Kd6 34.Be4 h6 35.h4 Nd4
36.g4 Ne6 37.f5 Nf4+ 38.Kc4 f6 39.Bf3 g6 40.Be4 gxf5 41.gxf5 Ke5 42.Bf3 Kxf5
43.Kxc5 Ng6 44.h5 Nf4 45.Kd4 Kg5 46.Ke3 Nxh5 47.Ba8 Ng7 48.Kf3 f5 49.Bd5 Nh5
50.Bb7 Nf4 51.Bc8 Ng6 52.Bb7 h5 53.Kg3 h4+ 54.Kh3 Nf4+ 55.Kh2 Kg4 56.Bc6 Ne2
57.Bg2 Nf4 58.Bc6 Ne6 59.Ba4 Ng5 60.Bd1+ Kf4 61.Bc2 Ke5 62.Ba4 Kd4 63.Bd7 f4
64.Bc6 Ke3 65.Bd5 Ke2 66.Bc4+ Ke1 67.Bb5 f3 68.Ba6 f2 69.Kg2 h3+ 70.Kh2 f1=Q
71.Bxf1 Kxf1 72.Kh1 Kf2 73.Kh2 Kf3 74.Kg1 Kg3  0-1

[Event "Papp Bela mem"]
[Site "Budapest"]
[Date "1994.??.??"]
[Round "8"]
[White "Zajogin, Alexander"]
[Black "Fancsy, Imre"]
[Result "1-0"]
[WhiteElo "2380"]
[BlackElo "2400"]

1.d4 d5 2.c4 dxc4 3.Nf3 a6 4.e3 Nf6 5.Bxc4 e6 6.O-O c5 7.a4 Nc6 8.Qe2 Qc7
9.h3 Bd6 10.dxc5 Bxc5 11.b3 O-O 12.Bb2 Nd7 13.Nbd2 b6 14.Ne4 Bb7 15.Qc2 Nce5
16.Nxe5 Nxe5 17.Nxc5 Qxc5 18.Qc3 Qc6 19.f3 f6 20.Be2 Qxc3 21.Bxc3 Rfc8 22.Bd4 Nd7
23.e4 e5 24.Be3 a5 25.Rfd1 Nc5 26.Bc4+ Kf8 27.Rd6 Rc6 28.Rad1 Rac8 29.Rd8+ Rxd8
30.Rxd8+ Ke7 31.Rg8 Ne6 32.Rb8 Nd8 33.Bd5 Rc3 34.Bxb6 Bc8 35.Bxa5 Rc1+ 36.Kh2 Kd7
37.Bxd8 Kxd8 38.Be6  1-0

[Event "Budapest FS12 GM"]
[Site "Budapest"]
[Date "1994.??.??"]
[Round "8"]
[White "Lukacs, Peter"]
[Black "Afek, Yochanan"]
[Result "1-0"]
[WhiteElo "2490"]
[BlackElo "2395"]

1.d4 d5 2.c4 dxc4 3.Nf3 c5 4.e3 cxd4 5.Bxc4 d3 6.O-O Nc6 7.b4 e6 8.a3 Be7
9.Bb2 Bf6 10.Nc3 Nge7 11.Bxd3 Nd5 12.Qc2 Nxc3 13.Bxc3 Bxc3 14.Qxc3 O-O 15.Rad1 Qe7
16.Rd2 e5 17.Be4 f6 18.Bxc6 bxc6 19.Qxc6 Be6 20.Qd6 Qf7 21.Rc1 Rac8 22.Rxc8 Rxc8
23.h3 g6 24.b5 Rc4 25.b6 axb6 26.Qxb6 Kg7 27.Rd6 Bf5 28.Nd2 Ra4 29.g4 Bc8
30.Qb8 Bd7 31.Qd8 Be8 32.Rb6 h5 33.Qb8 Rxa3 34.Rb7  1-0

[Event "Budapest FS02 GM"]
[Site "Budapest"]
[Date "1994.??.??"]
[Round "10"]
[White "Dao Thien Hai"]
[Black "Fancsy, Imre"]
[Result "1/2-1/2"]
[WhiteElo "2495"]
[BlackElo "2400"]

1.d4 d5 2.c4 dxc4 3.Nf3 a6 4.e3 Nf6 5.Bxc4 e6 6.O-O c5 7.b3 Nc6 8.Bb2 cxd4
9.Nxd4 Nxd4 10.Qxd4 Qxd4 11.Bxd4 Bb4 12.a3 Bd6 13.Nd2 Ke7 14.Be2 e5 15.Bb2 Be6
16.Nc4 Bxc4 17.Bxc4 b5 18.Bd3 Nd7 19.Be4 Rac8 20.f4 g6 21.Rad1 f6 22.Kh1 Rhd8
23.g4 Nc5 24.Bd5 Ne6 25.g5 f5 26.fxe5 Bb8 27.Bb7 Rxd1 28.Rxd1 Rc2 29.Bd4 Nxg5
30.b4 Ke6 31.Bb6 Kxe5 32.h4 Ne4 33.Kg1 Bd6 34.Bxa6 Ke6 35.Bxb5 Bh2+ 36.Kf1 Rf2+
37.Ke1 Bg3 38.Rd3 Rd2+ 39.Kf1 Rf2+ 40.Ke1 Ra2+ 41.Kf1 Rf2+ 42.Ke1 Rh2+ 43.Kf1 Nd2+
44.Rxd2 Rxd2 45.a4 Rf2+ 46.Kg1 Rb2 47.Bc4+ Kd7 48.Bb5+ Kc8 49.Bc5 Be1 50.Bc4 Bxb4
51.Bd4 Rc2 52.Bg8 Rc7 53.Kg2 Kb7 54.Kf3 Kc6 55.h5 gxh5 56.Be6 Kd6 57.Bxf5 Rf7
58.e4 Bd2 59.Bf2 Bg5 60.a5 Bd2 61.a6  1/2-1/2

[Event "Budapest FS06 IM-A"]
[Site "Budapest"]
[Date "1994.??.??"]
[Round "11"]
[White "Lehmann, Heinz Dr"]
[Black "Sziebert, Adam"]
[Result "1/2-1/2"]
[WhiteElo "2280"]
[BlackElo "2260"]

1.d4 d5 2.c4 dxc4 3.Nf3 a6 4.e3 Nf6 5.a4 e6 6.Bxc4 c5 7.O-O Nc6 8.Qe2 Qc7
9.Nc3 cxd4 10.exd4 Be7 11.Bg5 O-O 12.Rad1 Bd7 13.Ne5 Be8 14.Rfe1 Rd8 15.Nf3 h6
16.Bh4 Nh5 17.Bxe7 Nf4 18.Qe4 Nxe7 19.Ne5 Ned5 20.Nxd5 exd5 21.Qxf4 dxc4
22.Rc1 b5 23.axb5 axb5 24.Qe3 Qd6 25.Red1 f6 26.Nf3 Bh5 27.b3 Qd5 28.bxc4 bxc4
29.Qc3 Rc8 30.Rd2 Bxf3 31.Qxf3 Qxf3 32.gxf3 Rfd8 33.d5 Rc5 34.Rd4 c3 35.Rd3 c2
36.Rd2 Rdxd5 37.Rxd5 Rxd5 38.Rxc2 Rg5+ 39.Kf1 Kf7 40.Rc4 Ke6 41.h4 Rd5 42.Kg2 f5
43.Rc6+ Rd6  1/2-1/2

[Event "ARG-World"]
[Site "Buenos Aires"]
[Date "1994.??.??"]
[Round "7"]
[White "Bellon Lopez, Juan Manuel"]
[Black "Scarella, Enrique"]
[Result "1/2-1/2"]
[WhiteElo "2460"]
[BlackElo "2405"]

1.d4 d5 2.Nf3 c5 3.c4 dxc4 4.d5 e6 5.Nc3 exd5 6.Qxd5 Qxd5 7.Nxd5 Bd6 8.Nd2 Nc6
9.Nxc4 Bb8 10.g3 Nge7 11.Bg2 Nd4 12.Nxe7 Kxe7 13.O-O Bc7 14.Be3 Be6 15.Bxd4 cxd4
16.Na3 Rab8 17.Nb5 Bb6 18.a4 Bc4 19.b4 Rhc8 20.Be4 Bxb5 21.axb5 Rc7 22.h4 Rd8
23.Kg2 h6 24.h5 Rdd7 25.Rh1 Rc3 26.Rh4 Rb3 27.Ra4 Kf8 28.Rf4 Rb2 29.Bd3 Rc7
30.Kf3 Rb3 31.Kg4 Rbc3 32.Rf5 Re7 33.Rd5 Ke8 34.Ra1 Rec7 35.Kf5 Re7 36.f4 Re6
37.Re5 Rxe5+ 38.Kxe5 Ke7 39.Kd5 Rc7 40.g4 Rd7+ 41.Ke4 Kf6 42.Kf3 Rc7 43.Rg1 Ke7
44.g5 Kf8 45.Ra1 Rd7 46.Ke4 Ke7 47.Bc4 Kf8 48.Kf5 Ke7 49.g6 f6 50.Bd3 Rc7
51.Be4 Kd6 52.Rd1 Ke7 53.Bd5 Rd7 54.Bf3 Rc7 55.Be4 Rd7 56.Rc1 Rc7 57.Rd1 Rd7
58.Kg4 Rc7 59.Bf5 Rc3 60.Be4 Rc7  1/2-1/2

[Event "Buenos Aires PRENAJ"]
[Site "Buenos Aires"]
[Date "1994.??.??"]
[Round "11"]
[White "Bronstein, Luis"]
[Black "Slipak, Sergio"]
[Result "1/2-1/2"]
[WhiteElo "2380"]
[BlackElo "2460"]

1.d4 d5 2.c4 dxc4 3.Nf3 a6 4.a4 Nf6 5.e3 e6 6.Bxc4 c5 7.O-O Nc6 8.Qe2 cxd4
9.Rd1 Be7 10.exd4 O-O 11.Nc3 Nd5 12.h3 Re8 13.Bb3 b6 14.Nxd5 exd5 15.Ne5 Nb4
16.Bd2 Be6 17.Rac1 Rc8 18.Bxb4 Rxc1 19.Rxc1 Bxb4 20.Qxa6 Bxh3 21.Qb5 Bxg2
22.Qxb4 Qg5 23.f4 Qg3 24.Qe1 Qxb3 25.Kxg2 Qxb2+ 26.Kh3 f6 27.Rc7 Qa3+ 28.Qg3 Qxg3+
29.Kxg3 fxe5 30.fxe5 Ra8 31.Rd7 Rxa4 32.Rxd5 Kf8 33.Rd6 Ke7 34.Kf4 h5 35.Kg5 b5
36.Kxh5 Ra7 37.Rg6 Kf8 38.Rb6 Rd7 39.Rxb5 Rxd4  1/2-1/2

[Event "Cappelle op"]
[Site "Cappelle la Grande"]
[Date "1994.??.??"]
[Round "3"]
[White "Urban, Klaudiusz"]
[Black "Baburin, Alexander"]
[Result "1/2-1/2"]
[WhiteElo "2440"]
[BlackElo "2520"]

1.d4 d5 2.c4 dxc4 3.Nf3 a6 4.a4 Nf6 5.e3 Bg4 6.Bxc4 e6 7.O-O Nc6 8.Be2 Be7
9.b3 O-O 10.Bb2 Nb4 11.Nbd2 Rc8 12.Nc4 Bf5 13.Ne1 c5 14.Nd3 cxd4 15.Nxb4 Bxb4
16.Qxd4 Qe7 17.Rac1 Rfd8 18.Qh4 Ne4 19.Qxe7 Bxe7 20.Bd4 Bc5 21.Nb6 Rc6 22.Bxc5 Nxc5
23.b4 Rxb6 24.bxc5 Rb2 25.c6 bxc6 26.Bxa6 Bc2 27.a5 Ra8 28.Bb7 Rxa5 29.Bxc6 g5
30.Ra1 Rxa1 31.Rxa1  1/2-1/2

[Event "Cappelle op"]
[Site "Cappelle la Grande"]
[Date "1994.??.??"]
[Round "4"]
[White "Chernin, Alexander"]
[Black "Howell, James C"]
[Result "1-0"]
[WhiteElo "2630"]
[BlackElo "2495"]

1.d4 d5 2.c4 dxc4 3.Nf3 a6 4.a4 Nf6 5.Nbd2 Nc6 6.Nxc4 Bg4 7.Nce5 Nxe5 8.Nxe5 Bh5
9.a5 Qd5 10.Qa4+ Nd7 11.f3 Qb5 12.Qxb5 axb5 13.Nxd7 Kxd7 14.e4 c6 15.d5 e5
16.Bd3 f6 17.Ke2 Bb4 18.Bd2 Bxd2 19.Kxd2 cxd5 20.Bxb5+ Kd6 21.exd5 Rhc8 22.b4 Bf7
23.Bd3 Bg6 24.Rhc1 Kxd5 25.Be2 f5 26.Rxc8 Rxc8 27.b5 Be8 28.a6 bxa6 29.bxa6 Bc6
30.Bd3 g6 31.a7 Ra8 32.g4 Kc5 33.gxf5 gxf5 34.Ke3 f4+ 35.Ke2 Kb6 36.Ra6+  1-0

[Event "Cappelle op"]
[Site "Cappelle la Grande"]
[Date "1994.??.??"]
[Round "7"]
[White "Dumitrache, Dragos"]
[Black "Baburin, Alexander"]
[Result "1/2-1/2"]
[WhiteElo "2395"]
[BlackElo "2520"]

1.d4 d5 2.c4 dxc4 3.Nf3 a6 4.e3 Nf6 5.Bxc4 b5 6.Bd3 Bb7 7.a4 b4 8.Nbd2 c5
9.O-O cxd4 10.exd4 e6 11.Nc4 Be7 12.Qe2 O-O 13.a5 Nbd7 14.Bf4 Nd5 15.Bg3 N7f6
16.Nfd2 g6 17.Nb3 Nh5 18.Qd2 Rc8 19.Rac1 Bg5 20.f4 Bf6 21.Ne5 Rxc1 22.Rxc1 Ndxf4
23.Bxf4 Nxf4 24.Qxf4 Bg5 25.Qf1 Be3+ 26.Kh1 Bxc1 27.Qxc1 Bxg2+ 28.Kxg2 Qd5+
29.Kg1 Qxb3 30.Bxa6 Qd5 31.Nc6 Qf3 32.Bf1 Kg7 33.a6 Rc8 34.Bg2 Qd3 35.Qf1 Qc2
36.Nxb4 Qxb2 37.Nc6 Qb6 38.Qa1 e5 39.a7 Ra8 40.Kh1 f6 41.dxe5 fxe5 42.Qxe5+ Kh6
43.Qf4+ Kg7 44.Qb8 Qe3 45.h3 h5 46.Nd4 Rxb8 47.Nf5+ gxf5 48.axb8=Q h4 49.Qc7+ Kg6
50.Qd6+ Kg7 51.Qd1 Kg6 52.Bf3 Qf2 53.Bc6 Kg5 54.Qc1+ Kf6 55.Qh6+ Ke5 56.Qg7+ Kf4
57.Qc7+ Kg5  1/2-1/2

[Event "RUS-ch"]
[Site "Elista"]
[Date "1994.??.??"]
[Round "5"]
[White "Zakharevich, Igor"]
[Black "Vaulin, Alexander"]
[Result "1/2-1/2"]
[WhiteElo "2415"]
[BlackElo "2550"]

1.d4 d5 2.Nf3 c5 3.c4 dxc4 4.d5 Nf6 5.Nc3 e6 6.e4 exd5 7.e5 Nfd7 8.Bg5 Be7
9.Bxe7 Qxe7 10.Nxd5 Qd8 11.Bxc4 Nc6 12.Qe2 Qa5+ 13.Nd2 O-O 14.f4 Nb6 15.O-O Nd4
16.Ne7+ Kh8 17.Qd3 Bg4 18.Rf2 Nxc4 19.Qxc4 Rae8 20.Nd5 Be6 21.Qc3 Qb5 22.Nc7 Ne2+
23.Rxe2 Qxe2 24.Nxe8 Rxe8 25.Nf3 h6 26.Re1 Qb5 27.Nd2 Bd5 28.Ne4 Bxe4 29.Rxe4 Rd8
30.b3 Rd1+ 31.Re1 Rxe1+ 32.Qxe1 Qd3 33.h3 b6 34.e6 fxe6 35.Qxe6 Qd4+ 36.Kh1  1/2-1/2

[Event "RUS-ch"]
[Site "Elista"]
[Date "1994.??.??"]
[Round "8"]
[White "Poluljahov, Aleksandr"]
[Black "Vaulin, Alexander"]
[Result "1/2-1/2"]
[WhiteElo "2485"]
[BlackElo "2550"]

1.d4 d5 2.c4 dxc4 3.Nf3 c5 4.e3 cxd4 5.Bxc4 Qc7 6.Qb3 e6 7.exd4 Nf6 8.O-O Nc6
9.Nc3 Be7 10.Qd1 O-O 11.Be3 Ng4 12.Rc1 Bd7 13.Qe2 Bd6 14.h3 Nxe3 15.fxe3 Rae8
16.a3 Qd8 17.Ne4 Qe7 18.b4 a5 19.Nxd6 Qxd6 20.bxa5  1/2-1/2